000 00679nam a2200241Ia 4500
003 OSt
005 20220925232102.0
006 a|||||r|||| 00| 0
007 ta
008 220923b |||||||| |||| 00| 0 eng d
037 _cGeneral Book
040 _aRTL
_cRTL
_beng
041 _2eng
_aeng
082 _aX:8J.73.N8, M3
100 _aPierre Kent E
_9296653
245 0 _aAuditor risk and legal liability
260 _aMichigan
_bU M I Research Press
_c1983
300 _a124p. Bib p123-24
_ccm.
490 _aResearch for business decisions.59
650 _aAudit
942 _hX:8J.73.N8, M3
_cGB
_2CC
999 _c590244
_d590244